American export register (Бичлэгийн дугаар. 145941)
| 000 -УДИРДЛАГА | |
|---|---|
| Удирдлага | 00761nam a22003017a 4500 |
| 003 - ХЯНАЛТЫН ТОО ТОДОРХОЙЛОГЧ | |
| Код | MN-UlNUM |
| 005 - БИЧИЛТ ХИЙСЭН ОГНОО | |
| Тухайн бичилтийг бичсэн засварласан сүүлийн огноо | 20251215154407.0 |
| 008 - ЕРӨНХИЙ МЭДЭЭЛЭЛ | |
| Ерөнхий мэдээлэл | 251215s1991 nyu 001 0 eng d |
| 020 ## - ISBN | |
| ISBN | 0937200654 |
| 022 ## - ISSN | |
| ISSN | 0272-1163 |
| 040 ## - БИЧЛЭГ ҮҮСГЭГЧ БАЙГУУЛЛАГА | |
| Бичлэг үүсгэгч номын сангийн код | МУИС-ийн номын сан |
| 084 ## - ББК АНГИЛАЛ | |
| Нэмэлт тусгалт | Нэг сэдэвт бүтээл |
| ББК ангилал | 65.428 |
| Зохиогчийн гурван тэмдэгт | A 47 |
| Мэдлэгийн ялгаа | 65 - Эдийн засаг |
| 245 00 - ҮНДСЭН ГАРЧИГ | |
| Номын нэр | American export register |
| Ботийн дугаар | Volume I |
| 260 ## - ГАРАЛТЫН МЭДЭЭ | |
| Хэвлэгдсэн газар | New York |
| Хэвлэлийн газар | Thomas International Pub. Co. |
| Хэвлэгдсэн он | 1991 |
| 300 ## - МАТЕРИАЛЫН ТОДОРХОЙЛОЛТ | |
| хуудасны тоо | 1184 p. |
| 500 ## - Тайлбар | |
| Дансны дугаар | БС 4354, 4372 |
| 546 ## - ХЭЛНИЙ ТУХАЙ МЭДЭЭ | |
| Хэл | Англи хэл дээр, |
| 653 ## - Түлхүүр үг | |
| Түлхүүр үг | export |
| 653 ## - Түлхүүр үг | |
| Түлхүүр үг | Verenigde staten |
| 653 ## - Түлхүүр үг | |
| Түлхүүр үг | directories |
| 740 ## - НОМЫН ГАРЧИГ | |
| Гарчиг | Getting the most out of the American export register |
| 740 ## - НОМЫН ГАРЧИГ | |
| Гарчиг | English |
| 740 ## - НОМЫН ГАРЧИГ | |
| Гарчиг | French |
| 740 ## - НОМЫН ГАРЧИГ | |
| Гарчиг | German |
| 740 ## - НОМЫН ГАРЧИГ | |
| Гарчиг | Italian |
| 942 ## - ЭЛЕМЕНТИЙН ТӨРӨЛ | |
| Зүйлийн төрөл | Ном |
